000 00710nam a22001937a 4500
999 _c174301
_d174301
005 20210603155825.0
010 _aUR-10772
020 _c300.00
_a9789389002676
035 _aU-9327
037 _bDBAD/PUB
_a-
082 _a320
100 _aمحمد عز يز سہيل
245 _aنظم و نسق عا مہ ميں ا بھر تے ر حجا نا ت
_cمحمد عز يز سہيل
246 _bNazm-o-Nasq-e-Aamma Mein Ubharte Rujhanath (Urdu)
_aby Mohd. Aziz Sohail
260 _aDelhi
_bEducational Publishing House
_c2019 ء
270 _a3191,Vakil Street,Kucha Pandit Lal Kuan,
_bDelhi
_e110006
_k23216162
_l-
300 _a192 ص
_c22 Cm(Hb)
942 _2ddc
_cUR
_h320
_mم ح م